| 000 | 01045nam a22002657a 4500 | ||
|---|---|---|---|
| 999 |
_c4816 _d4816 |
||
| 003 | AR-CdUCM | ||
| 008 | 190311b ||||| |||| 00| 0 spa d | ||
| 020 | _a84-206-2162-5 | ||
| 040 |
_aMUNICIPALIDAD PROVINCIAL DEL CUSCO _cBIBLIOTECA MUNICIPAL DEL CUSCO |
||
| 041 | _heng | ||
| 082 |
_a193 / _bM68 |
||
| 100 |
_aMitzman, Arthur. _914849 |
||
| 245 |
_aLa jaula de hierro : _bUna interpretación histórica de Max Weber / |
||
| 260 |
_aMadrid : _bAlianza, _c1976. |
||
| 300 |
_a288 paginas ; _c20 cm. |
||
| 500 | _aTitulo original: The Iron cage: an historical interpretation of Max Weber | ||
| 505 | _aLa generación burguesa tardía -- Antecedentes familiares de Weber y juventud (1864-1892) -- Orestes y las furias -- La recuperación: el yugo de la historia -- Ascetismo y misticismo... | ||
| 650 |
_aMax Weber _914850 |
||
| 650 |
_aFilosofos _9827 |
||
| 650 |
_aEspaña _9176 |
||
| 700 |
_aSanchéz Pascual, Angel _914851 |
||
| 700 |
_aCastro Lobera, Maria Dolores (Traductores ) _914852 |
||
| 942 |
_2ddc _cLIBROS |
||
| 945 | _awnts | ||